| 000 | 004810000a22001930004500 | ||
|---|---|---|---|
| 003 | LK-CoMWRAF | ||
| 005 | 20231019135700.0 | ||
| 008 | 230817t ||||| |||| 00| 0 eng d | ||
| 020 | _a1862300771 | ||
| 040 |
_aLK-CoMWRAF _dLK-CoMWRAF _eLK-CoMWRAF |
||
| 041 | _aeng | ||
| 082 |
_a823 _bBAL |
||
| 100 | _aBaldwin, Shauna Singh | ||
| 245 | _aWhat the body remembers | ||
| 260 |
_aLondon : _bAnchor, _c1999 |
||
| 300 | _a540 p. ; 20cm. | ||
| 650 | _aEnglish Fiction | ||
| 942 | _cBK | ||
| 999 |
_c1613 _d1613 |
||